[Event "GER Seniors Derby 13th"]
[Site "Wesel Undeloh"]
[Date "2014.05.10"]
[Round "7"]
[White "Kettern, Harald"]
[Black "Heitmann, Hartwig"]
[Result "0-1"]
[WhiteElo "1659"]
[BlackElo "1799"]
[PlyCount "58"]
[EventDate "2014.05.07"]
[EventType "swiss"]
[EventRounds "9"]
[EventCountry "GER"]
[SourceTitle "EXT 2018"]
[Source "ChessBase"]
[SourceDate "2017.10.13"]
[SourceVersion "1"]
[SourceVersionDate "2017.10.13"]
[SourceQuality "1"]

1. d4 Nf6 2. Bf4 d6 3. e3 g6 4. Be2 Bg7 5. Nd2 0-0 6. h3 Nbd7 7. Ngf3 Qe8 8. 0-0 e5 9. dxe5 dxe5 10. Bh2 e4 11. Nd4 Nd5 12. c4 Bxd4 13. cxd5 Bxb2 14. Rb1 Be5 15. Bxe5 Qxe5 16. Qb3 Nb6 17. Nc4 Qxd5 18. Nxb6 Qxb3 19. axb3 axb6 20. Bd1 Be6 21. Bc2 f5 22. Rfc1 Rfd8 23. Kf1 Rd2 24. Ke1 Rad8 25. Rb2 R8d6 26. Rd1 Rxd1+ 27. Bxd1 Kf7 28. Ra2 Rxd1+ 29. Kxd1 Bxb3+ 0-1

[Event "GER Seniors Derby 13th"]
[Site "Wesel Undeloh"]
[Date "2014.05.09"]
[Round "6"]
[White "Heitmann, Hartwig"]
[Black "Nozulak, Joachim"]
[Result "1-0"]
[WhiteElo "1799"]
[BlackElo "1307"]
[PlyCount "53"]
[EventDate "2014.05.07"]
[EventType "swiss"]
[EventRounds "9"]
[EventCountry "GER"]
[SourceTitle "EXT 2018"]
[Source "ChessBase"]
[SourceDate "2017.10.13"]
[SourceVersion "1"]
[SourceVersionDate "2017.10.13"]
[SourceQuality "1"]

1. e4 e6 2. d4 d5 3. e5 c5 4. c3 cxd4 5. cxd4 Bb4+ 6. Nc3 Nc6 7. Nf3 Nge7 8. Bd3 h6 9. 0-0 Bxc3 10. bxc3 0-0 11. Be3 a6 12. Qd2 b5 13. Bxh6 Nf5 14. Bxf5 exf5 15. Bg5 Ne7 16. Bxe7 Qxe7 17. Qf4 Qe6 18. Rfe1 Bd7 19. Re3 Rae8 20. Ng5 Qg6 21. Rg3 f6 22. Ne6 Qxg3 23. hxg3 Bxe6 24. exf6 Rxf6 25. a4 Bd7 26. Qc7 bxa4 27. Qxd7 1-0

[Event "GER Seniors Derby 13th"]
[Site "Wesel Undeloh"]
[Date "2014.05.09"]
[Round "5"]
[White "Homann, Ludger"]
[Black "Heitmann, Hartwig"]
[Result "1/2-1/2"]
[WhiteElo "1564"]
[BlackElo "1799"]
[PlyCount "45"]
[EventDate "2014.05.07"]
[EventType "swiss"]
[EventRounds "9"]
[EventCountry "GER"]
[SourceTitle "EXT 2018"]
[Source "ChessBase"]
[SourceDate "2017.10.13"]
[SourceVersion "1"]
[SourceVersionDate "2017.10.13"]
[SourceQuality "1"]

1. e4 e5 2. Nf3 Nc6 3. Bb5 a6 4. Ba4 Nf6 5. d3 b5 6. Bb3 Be7 7. c3 d6 8. h3 h6 9. 0-0 0-0 10. Be3 Be6 11. Bc2 d5 12. exd5 Bxd5 13. Nbd2 Nh7 14. d4 exd4 15. Nxd4 Nxd4 16. Bxd4 Bf6 17. Nf3 Bxf3 18. Qxf3 Bxd4 19. cxd4 Qxd4 20. Qd3 Qxd3 21. Bxd3 c5 22. b3 Rac8 23. Rac1 1/2-1/2

[Event "GER Seniors Derby 13th"]
[Site "Wesel Undeloh"]
[Date "2014.05.07"]
[Round "2"]
[White "Heitmann, Hartwig"]
[Black "Renz, Peter"]
[Result "1/2-1/2"]
[WhiteElo "1799"]
[BlackElo "1643"]
[PlyCount "57"]
[EventDate "2014.05.07"]
[EventType "swiss"]
[EventRounds "9"]
[EventCountry "GER"]
[SourceTitle "EXT 2018"]
[Source "ChessBase"]
[SourceDate "2017.10.13"]
[SourceVersion "1"]
[SourceVersionDate "2017.10.13"]
[SourceQuality "1"]

1. e4 c5 2. Nf3 Nc6 3. d4 cxd4 4. Nxd4 Nf6 5. Nc3 d6 6. Be2 g6 7. Be3 Bg7 8. 0-0 0-0 9. Qd2 Ne5 10. h3 Bd7 11. f4 Nc6 12. f5 Rc8 13. fxg6 hxg6 14. Bf3 Ne5 15. Be2 a6 16. Nf3 Nc4 17. Bxc4 Rxc4 18. e5 Ne4 19. Nxe4 Rxe4 20. exd6 exd6 21. Bd4 Bxd4+ 22. Nxd4 Qb6 23. c3 Rfe8 24. Kh1 Bb5 25. Rfe1 Rxe1+ 26. Rxe1 Rxe1+ 27. Qxe1 Qa5 28. Nxb5 Qxb5 29. b3 1/2-1/2